00398 a2200121 4500001001000000005001700010008004100027245007500068100002300143700002100166773007200187999001700259ART_1183920260410161901.0260409a 10aTaxation and the stock market valuation of capital gains and devidends1 aBradford, David F.1 aGordon, Roger H.0 tJournal of public economicsg- Vol. 14, NÂș 2 (oct. 1980)wREV11485 c25885d25885